000 00317nam a2200133Ia 4500
005 20260328104336.0
008 260328s9999||||xx |||||||||||||| ||und||
100 _aRiesman, David
245 0 _aLa Muchedumbre Solitaria /
_cDavid Riesman
260 _bPaidós
300 _a295 p.
650 _aHISTORIA
942 _cBK
999 _c11915
_d11915